000 00339nam a2200145Ia 4500
005 20251222175915.0
008 251222s9999||||xx |||||||||||||| ||spa||
020 _a8434847728
082 _a800/L65
100 _aLind, Mecka
245 2 _aA Veces Tengo el Mundo a mis Pies
250 _a1ra.ed.
264 _bEdiciones SM
942 _cLIB
999 _c40463
_d40463